000 00557nam a2200205 a 4500
001 10122
003 CO-ViMGA
008 141112s2004 ck r 000 u spa d
020 _a0256026408
040 _aCO-ViMGA
_bspa
_cCO-ViMGA
082 0 4 _a658.15 T37pl
100 1 _aTerry ; George,
_912922
245 1 0 _aPrincipios de Administración
250 _a10
260 _aMexico :
_bCompaƱia Editorial Continental S.A,
_c1994
300 _a747p.
650 1 4 _aADMINISTRACION DE EMPRESAS
_92735
650 1 4 _aADMINISTRACION DE PERSONAL
942 _2ddc
_cBK
999 _c21495
_d21495